000 00923nac a22002657a 4500
001 BR7704061
003 BR-BrBNA
005 20240105114121.0
008 230509b bl.|||m| |||| 00| 0 por d
040 _aBR-BrBNA
_bpor
_cBiblioteca Nacional de Agricultura
072 _aE50; E10; E70
090 _aE50 BR7704061
110 1 _aInstituto Brasileiro de Informacao em Ciencia e Tecnologia, Rio de Janeiro, RJ
_95799
245 1 _aBibliografia brasileira de ciencias sociais 1973/1974 [Sociologia rural; Economia agricola; Mercado]
260 3 _aRio de Janeiro, RJ (Brasil):
_c1977.
300 _a319 p.
490 _aBibliografia Brasileira de Ciencias Sociais (Brazil)
_vv. 21
_xISSN 0067-6608
650 _aEconomia agricola
650 _aMao-de-obra
650 _aTrabalhador rural
650 _aMercado
650 _aBibliografia
909 _a202312
_bLúcia Elande
_c55
_dLúcia Elande
942 _2AGRIS
_n0
_cMS
999 _c267481
_d267481